000 00695nam a2200229Ia 4500
005 20260430150107.0
008 008 250103s9999 xx 000 0 eng d
037 _aTheses
040 _aCRL
040 _beng
040 _ceng
041 _2eng
041 _aeng
084 _qCRL
100 _aSalek Chand Au.; Walia Paramjeet Kaur Gu.
_91236438
245 0 _aOrganization of the information sources and use of library services in health and family welfare institutions in India : A study
260 _c2021
300 _a296p.
700 _aUniversity of Delhi. Arts Faculty. Department of Library and Information Science
_91236439
942 _cTH
999 _c1848930
_d1848930